Statistics for top 25 countries best ever footballer

Click here to take the quiz!

General Stats

  • This quiz has been taken 40 times
  • The average score is 11 of 25

Answer Stats

world
ranking
countryAnswer% Correct
5PortugalCristiano Ronaldo
94%
3BrazilPelé
91%
8ArgentinaLionel Messi
88%
12GermanyFranz Beckenbauer
70%
16NetherlandsJohan Cruyff
70%
1BelgiumEden Hazard
67%
14CroatiaLuka Modric
67%
2FranceMichel Platini
67%
4EnglandRobert Charlton
55%
21PolandRobert Lewandowski
55%
7ItalyPaolo Maldini
48%
24UkraineAndriy Shevchenko
45%
10DenmarkMichael Laudrup
45%
22SenegalSadio Mané
42%
11MexicoHugo Sanchez
30%
20USAClint Dempsey
27%
6SpainAlfredo Di Stefano
24%
15ColombiaCarlos Valderrama
21%
17WalesJohn Charles
15%
18SwedenGunnar Nordahl
12%
9UruguayJosé Andrade
9%
23AustriaMatthias Sindelar
9%
25SerbiaDragan Džajić
6%
19ChileElias Figueroa
6%
13SwitzerlandAndré Abegglen
3%

Score Distribution

Percentile by Number Answered

Percent of People with Each Score

Your Score History

You have not taken this quiz